000 01823nas a2200457 i 4500
001 193764
003 SpMaBN
005 20260318122514.0
008 240212d19371937sp uu r 0uuub0mul
016 7 _abiseBNE20030001270
_2SpMaBN
017 _aB 41335-1977
_bOficina Depósito Legal Barcelona
022 _a2340-0064
035 _a(OCoLC)733258843
035 _abise0000176342
040 _aSpMaBN
_bspa
_cSpMaBN
_erdc
080 _a94(460)"1936/39"(084.12)
245 0 0 _aVisions de guerra i de reraguarda.
_nSèrie A,
_pRetrospectiva =
_bVisiones de guerra y de retaguardia
246 1 _aVisiones de guerra y de retaguardia
250 _a[Ed. facs. /
_bpròleg de Josep Fontana]
260 _aBarcelona :
_bJosé J. de Olañeta,
_c1977
300 _a1 volumen ;
_bfotografías :
_c20 x 26 cm
336 _2rdacontent
_atexto
337 _2rdamedia
_asin mediación
338 _2rdacarrier
_avolumen
362 0 _aN. 1 (24 abril 1937)-n. 8 (9 oct. 1937)
490 1 _aCol.lecció Visions = Colección Visions
530 _3Disponible en formato digital
541 _aDONACION
_cPersona_física
_d2024-02-12
546 _aTexto en catalán y español
580 _aReproducción facsímil de la publicación irregular: Barcelona : Forja, 1937
651 7 _aEspaña-
_xHistoria-
_y1936-1939, Guerra civil-
_vObras ilustradas
_9161796
655 4 _aFacsímiles
_2tgfbne
_9226495
700 1 _aFontana, Josep,
_d1931-2018
_eaui
_951600
830 0 _aColección Visions
_9235148
852 _aES-MaACL
_cDEPO1
_hLegado: Basilio Martín Patino
_jA-151131
856 4 _uhttps://hemerotecadigital.bne.es/hd/issn/2340-0064
_yVersión en línea: Edición 1937
_z(Hemeroteca Digital)
942 _2udc
_cPERIODICA
_n0
955 _bVerónica Torres Díaz
999 _c193764
_d193764